Slavic Languages Quiz - Statistics

General Stats
  • This quiz has been taken 529 times
    502 since last reset
  • The average score is 8 of 11
Answer Stats
Language Answer % Correct
Żyrafa to najwyższe zwierzę Polish
87%
Жираф - самое высокое животное Russian
81%
Жирафа је највиша животиња Serbian
78%
Žirafa je najviša životinja Croatian
76%
Žirafa je najvyššie zviera Slovak
76%
Жираф є найвищим твариною Ukrainian
76%
Žirafa je nejvyšší zvíře Czech
71%
Žirafa je najvišji živali Slovene
69%
Жыраф з'яўляецца самым высокім жывёлам Belarussian
68%
Жирафът е най-високото животно Bulgarian
68%
Жирафа е највисоката животните Macedonian
65%
No matching quizzes found
Score Distribution
Percent of People with Each Score
Percentile by Number Answered
Your Score History
You have not taken this quiz since the last reset